Roman Emperors by Praenomina - Statistics

General Stats
  • This quiz has been taken 16 times
  • The average score is 39 of 49
Answer Stats
Hint Answer % Correct
“Augustus” Gaius I
92%
“Caligula” Gaius II
92%
“Maximinus Thrax” Gaius III
92%
“Trajan Decius” Gaius IV
92%
“Hostilian” Gaius V
92%
“Trebonianus Gallus” Gaius VI
92%
“Diocletian” Gaius VII
92%
“Otho” Marcus I
92%
“Nerva” Marcus II
92%
“Trajan” Marcus III
92%
“Marcus Aurelius” Marcus IV
92%
“Severus Alexander” Marcus IX
92%
“Didius Julianus” Marcus V
92%
“Caracalla” Marcus VI
92%
“Macrinus” Marcus VII
92%
“Elagabalus” Marcus VIII
92%
“Gordian I” Marcus X
92%
“Gordian II” Marcus XI
92%
“Pupienus” Marcus XII
92%
“Gordian III” Marcus XIII
92%
“Philip the Arab” Marcus XIV
92%
“Florian” Marcus XIX
92%
“Aemilian” Marcus XV
92%
“Claudius Gothicus” Marcus XVI
92%
“Quintillus” Marcus XVII
92%
“Tacitus” Marcus XVIII
92%
“Probus” Marcus XX
92%
“Carus” Marcus XXI
92%
“Numerian” Marcus XXII
92%
”Carinus” Marcus XXIII
92%
“Nero” Nero
92%
“Lucius Verus” Lucius I
85%
“Commodus” Lucius II
85%
“Septimius Severus” Lucius III
85%
“Aurelian” Lucius IV
85%
“Tiberius” Tiberius I
69%
“Claudius” Tiberius II
69%
“Vespasian” Titus I
62%
“Titus” Titus II
62%
“Domitian” Titus III
62%
“Antoninus Pius” Titus IV
62%
“Hadrian” Publius I
54%
“Pertinax” Publius II
54%
”Geta” Publius III
54%
“Valerian” Publius IV
54%
“Gallienus” Publius V
54%
“Vitellius” Aulus
38%
“Balbinus” Decimus I
23%
“Galba” Servius
15%
No matching quizzes found
Score Distribution
Percent of People with Each Score
Percentile by Number Answered
Your Score History
You have not taken this quiz